Library Banner

The Muslim league (Record no. 77477)

MARC details
000 -LEADER
fixed length control field 00396nam a22001457a 4500
005 - DATE AND TIME OF LATEST TRANSACTION
control field 20151019100648.0
008 - FIXED-LENGTH DATA ELEMENTS--GENERAL INFORMATION
fixed length control field 151019b xxu||||| |||| 00| 0 eng d
040 ## - CATALOGING SOURCE
Transcribing agency PK-LaUMT
082 ## - DEWEY DECIMAL CLASSIFICATION NUMBER
Classification number KHC 954.0356
Item number LAL-M
100 ## - MAIN ENTRY--PERSONAL NAME
Personal name Lal Bahadur
245 ## - TITLE STATEMENT
Title The Muslim league
Remainder of title its history , ativities & achiements
Statement of responsibility, etc Lal Bahadur
260 ## - PUBLICATION, DISTRIBUTION, ETC. (IMPRINT)
Place of publication, distribution, etc Lahore
Name of publisher, distributor, etc Book traders
Date of publication, distribution, etc 1979
300 ## - PHYSICAL DESCRIPTION
Extent 368 p.
942 ## - ADDED ENTRY ELEMENTS (KOHA)
Koha item type Books
Holdings
Withdrawn status Lost status Damaged status Home library Current library Date acquired Full call number Barcode Date last seen Price effective from Koha item type
      UMT Main Campus UMT Main Campus 2015-10-19 KHC 954.0356 LAL-M 69022 2015-10-19 2015-10-19 Books